Welcome to CU Library Online Public Access Catalogue (OPAC)

Business Statistics in Practice (Record no. 2182)

MARC details
000 -LEADER
fixed length control field 00590nam a22001937a 4500
005 - DATE AND TIME OF LATEST TRANSACTION
control field 20241213172651.0
008 - FIXED-LENGTH DATA ELEMENTS--GENERAL INFORMATION
fixed length control field 241213b |||||||| |||| 00| 0 eng d
020 ## - INTERNATIONAL STANDARD BOOK NUMBER
International Standard Book Number 9780073252919
050 ## - LIBRARY OF CONGRESS CALL NUMBER
Classification number HF1017
Item number .B654 BOW
100 ## - MAIN ENTRY--PERSONAL NAME
Personal name Bowerman Bruce L.
245 ## - TITLE STATEMENT
Title Business Statistics in Practice
Statement of responsibility, etc. Bruce L. Bowerman & Richard T. O'Connell
250 ## - EDITION STATEMENT
Edition statement 4th Ed.
260 ## - PUBLICATION, DISTRIBUTION, ETC.
Place of publication, distribution, etc. Boston
Name of publisher, distributor, etc. McGraw-Hill/Irwin
Date of publication, distribution, etc. 2007
300 ## - PHYSICAL DESCRIPTION
Extent xxi. 881p.
Other physical details ill. col.
Dimensions 28 cm x 22 cm
500 ## - GENERAL NOTE
General note Includes Index
650 ## - SUBJECT ADDED ENTRY--TOPICAL TERM
Source of heading or term Business Statistics
700 ## - ADDED ENTRY--PERSONAL NAME
Personal name O'Connell Richard T.
942 ## - ADDED ENTRY ELEMENTS (KOHA)
Source of classification or shelving scheme Library of Congress Classification
Koha item type Books
Edition 4th Ed.
Suppress in OPAC No
999 ## -
-- 2182
-- 2182
Holdings
Withdrawn status Lost status Source of classification or shelving scheme Damaged status Not for loan Collection Home library Current library Shelving location Date acquired Total checkouts Full call number Barcode Date last seen Copy number Price effective from Koha item type
    Library of Congress Classification     Non-fiction Business Library (Miotso) Business Library (Miotso) General stacks 12/13/2024   HF1017 .B654 BOW BSSM00000346 12/13/2024 1 12/13/2024 Books
    Library of Congress Classification     Non-fiction Business Library (Miotso) Business Library (Miotso) General stacks 12/13/2024   HF1017 .B654 BOW BSSM00000347 12/13/2024 2 12/13/2024 Books
    Library of Congress Classification     Non-fiction Business Library (Miotso) Business Library (Miotso) General stacks 12/13/2024   HF1017 .B654 BOW BSSM00000348 12/13/2024 3 12/13/2024 Books
    Library of Congress Classification     Non-fiction Business Library (Miotso) Business Library (Miotso) General stacks 12/13/2024   HF1017 .B654 BOW BSSM00000349 12/13/2024 4 12/13/2024 Books
    Library of Congress Classification     Non-fiction Business Library (Miotso) Business Library (Miotso) General stacks 12/13/2024   HF1017 .B654 BOW BSSM00000350 12/13/2024 5 12/13/2024 Books
© 2023-2024 Copyright: Central University Libraries. All Rights Reserved | Created by: Mahone Tech Office